Responses for Show #7064 - Thursday, May 7, 2015

Andrew Haringer game 1.

Contestants

[<< previous game]

Andrew Haringer, a college instructor from Squamish, British Columbia, Canada

Emily Bialowas, an environmental educator originally from Ardsley, New York

Scott Ylinen, a draftsman and college student from Morgantown, West Virginia (whose 3-day cash winnings total $62,705)

[next game >>]

Jeopardy! Round responses

MY NAME IS A TITLE
STARTS WITH A MONTH ABBREV.
MED SCHOOLS
AMERICA'S GOT TALONS
CRIMINALITY... IN SONG
THE FEMALE EQUIVALENT
    $200 6
David Copperfield

Andrew
    $200 30
(Alex: The month is September. The word is [*].)

septic

Triple Stumper
    $200 1
Massachusetts

Scott
    $200 11
a bald eagle

Emily
    $200 20
Janie

Andrew
    $200 15
a duchess

Emily
    $400 7
Robinson Crusoe

Scott
    $400 27
(Andrew: What is the fringe?)

apron

Andrew
Triple Stumper
    $400 2
the University of Washington

Emily
    $400 13
a raptor

Scott
    $400 21
Alice

Emily
    $400 16
a sorority sister

Andrew
    $600 8
Olive Kitteridge

Triple Stumper
    $600 12
octane

Scott
    $600 3
Duke

Scott
    $600 14
a hawk

Emily
    $600 22
Johnny Cash

Scott
    $600 17
the maid of honor

Andrew
    $800 9
Tom Jones

Emily
    $800 28
juniors

Emily
    $800 4
Dr. Seuss

Scott
    $800 25
a scavenger

Scott
    $800 23
Cage the Elephant

Emily
    $800 18
a witch

Andrew
    $1000 10
Daisy Miller

Andrew
    $1000 29
augur

Triple Stumper
    $1,600 5
(Scott: What is USC?)

UCLA

Scott
    $1000 26
an osprey

Emily
    $1000 24
Steve Miller

Andrew
    $1000 19
(Andrew: Maharishi? What is a maharishi?)
...
(Alex: The word is [*], as in maha[*].)

rani

Andrew
Triple Stumper

Scores at the first commercial break (after clue 15):

Scott Emily Andrew
$1,400 $2,200 $1,200

Scores at the end of the Jeopardy! Round:

Scott Emily Andrew
$2,800 $5,200 $2,800

Double Jeopardy! Round responses

UTOPIA
THE WILD WEST
"PH" TEST
(Alex: And sort of in honor of Mother's Day this Sunday, we have a...)
BAD MOTHERS FILM FEST
RWANDA
3 CHEERS FOR THE BLUE, GREEN & YELLOW
    $400 8
(Sir Thomas) More

Andrew
    $400 2
Home Alone

Scott
    $400 1
[Scott selected the first clue.]

tea & coffee

Andrew
    $800 11
vegetarianism

Andrew
    $800 16
Butch Cassidy & the Sundance Kid

Andrew
    $800 26
phish

Andrew
    $800 3
Mrs. Robinson

Andrew
    $800 7
Burundi

Emily
    $800 27
[The end-of-round signal sounds.]

Brazil

Emily
    $1200 12
(Andrew: What is Ohio?)
(Emily: What is Delaware?)

Indiana

EmilyAndrew
Triple Stumper
    $1200 15
Tombstone

Scott
    $4,000 17
a phalanx

Andrew
    $1200 4
Mommie Dearest

Emily
    $1200 20
Hotel Rwanda

Andrew
    $1200 24
the Green Mountain Boys

Andrew
    $1600 13
(Emily: Who is Lovecraft?)

Robert Heinlein

Emily
Triple Stumper
    $1600 9
Black Bart

Scott
    $1600 22
(Alex: With less than a minute to go now.)

a phosphate

Andrew
    $1600 5
Carrie

Scott
    $2,000 21
(Andrew: What is the Netherlands?)

Belgium

Andrew
    $1600 18
The Blue Angel

Andrew
    $2000 14
Oneida

Scott
    $2000 10
aces & 8s

Triple Stumper
    $2000 23
(Andrew: What is a ficus?)

a philodendron

Andrew
Triple Stumper
    $2000 6
The Manchurian Candidate

Scott
    $2000 25
Dian Fossey

Triple Stumper
    $2000 19
the Blue Mosque

Scott

Scores at the end of the Double Jeopardy! Round:

Scott Emily Andrew
$13,600 $5,200 $11,200

[wagering suggestions for these scores]

Final Jeopardy! Round responses

MASCOTS
EmilyWho are the Chicago Bears
$4,900
AndrewWho are the Portland T
$2,401
ScottWho are the Bruins?
$8,801
the Chicago Cubs

Final scores:

Scott Emily Andrew
$4,799 $300 $8,799
2nd place: $2,000 3rd place: $1,000 New champion: $8,799

Game dynamics:

Coryat scores:

Scott Emily Andrew
$15,200 $5,200 $10,400
15 R,
1 W
(including 1 DD)
12 R,
2 W
18 R
(including 1 DD),
5 W
(including 1 DD)

Combined Coryat: $30,800

[game clues] [game scores] [suggest correction]

Game tape date: Unknown
The J! Archive is created by fans, for fans. Scraping, republication, monetization, and malicious use prohibited; this site may use cookies and collect identifying information. See terms. The Jeopardy! game show and all elements thereof, including but not limited to copyright and trademark thereto, are the property of Jeopardy Productions, Inc. and are protected under law. This website is not affiliated with, sponsored by, or operated by Jeopardy Productions, Inc. Join the discussion at JBoard.tv.